000
00452nam a2200169Ia 4500
008
090123s9999 xx 000 0 und d
082
_b
1700
100
_a
सावंत अमृत
245
_a
रंग का पता
250
_a
0
300
_a
164
600
_a
सावंत अमृत
630
_a
रंग का पता
700
_a
सावंत अमृत
730
_a
रंग का पता
942
_c
BOOK
999
_c
39782
_d
39782